| Tag |
First Indicator |
Second Indicator |
Subfields |
| LEADER |
00000cam a2200000 a 4500 |
| 001 |
in00000081406 |
| 005 |
20151008061052.0 |
| 008 |
800709s1980 miu 00010 eng d |
| 020 |
|
|
|a 0882335839
|
| 020 |
|
|
|a 0882335847 (pbk.)
|
| 035 |
|
|
|a (OCoLC)06499120
|
| 035 |
|
|
|9 AAJ7229AM
|
| 040 |
|
|
|a UUM
|c UUM
|d m.c.
|d TXA
|d UtOrBLW
|
| 049 |
|
|
|a TXAM
|c [1329300]
|
| 090 |
|
|
|a PS3557.E48
|b K3
|
| 100 |
1 |
|
|a George, Emery Edward,
|d 1933-
|
| 245 |
1 |
0 |
|a Kate's death :
|b a book of odes /
|c Emery George.
|
| 264 |
|
1 |
|a Ann Arbor, Mich. :
|b Ardis,
|c [1980]
|
| 264 |
|
4 |
|c ©1980
|
| 300 |
|
|
|a 87 pages ;
|c 23 cm.
|
| 336 |
|
|
|a text
|b txt
|2 rdacontent
|
| 337 |
|
|
|a unmediated
|b n
|2 rdamedia
|
| 338 |
|
|
|a volume
|b nc
|2 rdacarrier
|
| 999 |
|
|
|a MARS
|
| 999 |
f |
f |
|s 6235c206-ca4f-3945-b1bd-6532f191f9fd
|i 09ea1d64-1add-372a-9bf0-126af49acfab
|t 0
|
| 952 |
f |
f |
|p ric
|a Texas A&M University
|b Rellis Campus
|c Joint Library Facility
|d Remote Storage
|t 0
|e PS3557.E48 K3
|h Library of Congress classification
|i unmediated -- volume
|m A14806192323
|
| 998 |
f |
f |
|a PS3557.E48 K3
|t 0
|l Remote Storage
|